¿Por qué dependen las plantas del sol, del aire, del agua?.

Régimen general de las plantas. Importancia del aire. El oxígeno como residuo y el anhídrido carbónico como alimento. Fotosíntesis. Luz solar. La raíz.

Guardado en:
Formato: Deslizar
Series:Cómo, por qué, para qué?
Materias:
Etiquetas: Agregar Etiqueta
Sin Etiquetas, Sea el primero en etiquetar este registro!
LEADER 00970ngm a22002775g 4500
001 CEM.cems022010
008 130507b1993##################0###0#####d
005 20240930144746.0
245 0 0 |a ¿Por qué dependen las plantas del sol, del aire, del agua?. 
300 |a 10'. 
490 0 |a Cómo, por qué, para qué? 
500 |a En soporte VHS, consultar en ventanilla. 
520 |a Régimen general de las plantas. Importancia del aire. El oxígeno como residuo y el anhídrido carbónico como alimento. Fotosíntesis. Luz solar. La raíz. 
538 |a Soporte: VHS - Norma: Pal N - Color - Grabación DRD 1993 - Hitachi=3313 
082 5 7 |/ TRA 
653 |a BIOLOGIA 
653 |a BOTANICA 
653 |a PLANTAS 
653 |a FOTOSINTESIS 
653 |a AIRE 
653 |a OXIGENO 
653 |a ANHIDRICO CARBONICO 
653 |a LUZ SOLAR 
653 |a RAIZ 
653 |a NIVEL PRIMARIO 
859 |a CEMS  |b BIB. CEMS - Depto. Recursos Didacticos  |h 574  |i TRA  |k DRD  |p 653.12  |t Ej.1